000 00665nam a2200253Ia 4500
001 53921
005 20240114005403.0
007 ta
008 110325s2008 g b000 u hin u
020 _a81-8111-094-3
040 _aCottonCollege,Assam
041 _ahin
082 _a891.43109
_bKu 95 Ra
100 _aKuoomma, Geeta .
245 0 _aRajkumar Verma ka Kavya-Sangsar /
_cGeeta Kuoomma.
_hTextual Documents
250 _aIst ed /
260 _aMathura :
_bJawahar Pustakalaya ,
_c2008.
300 _a239p ;
_c23cm.
653 _aHindi Literature
653 _aG-Hindi
942 _2ddc
_cBK
999 _c53884
_d53884